Operations management in practice /

Bibliographic Details
Other Authors: Lewis, C. D. (Colin David)
Format: Book
Language:English
Published: New York : Wiley, 1981.
Subjects:

MARC

Tag First Indicator Second Indicator Subfields
LEADER 00000pam a2200000 a 4500
001 in00000090432
005 20151008063708.0
008 810512s1981 nyua b 00100 eng
010 |a  81006445  
020 |a 047027204X 
035 |a (OCoLC)07553181 
035 |9 AAK2756AM 
039 0 |a 2  |b 3  |c 3  |d 3  |e 3 
040 |a DLC  |c DLC  |d TXA  |d UtOrBLW 
049 |a TXAM  |c [951774] 
050 0 0 |a TS155  |b .O58 
082 0 |a 658.5  |2 19 
245 0 0 |a Operations management in practice /  |c edited by C.D. Lewis. 
264 1 |a New York :  |b Wiley,  |c 1981. 
300 |a x, 454 pages :  |b illustrations ;  |c 23 cm. 
336 |a text  |b txt  |2 rdacontent 
337 |a unmediated  |b n  |2 rdamedia 
338 |a volume  |b nc  |2 rdacarrier 
500 |a "A Halsted Press book". 
504 |a Includes bibliographical references and indexes. 
650 0 |a Production management. 
700 1 |a Lewis, C. D.  |q (Colin David) 
999 |a MARS 
999 f f |s 50325860-40b2-3059-a0fa-3b59996ac97d  |i f684c01d-5809-3ced-9548-eb122a5251c3  |t 0 
952 f f |p ric  |a Texas A&M University  |b Rellis Campus  |c Joint Library Facility  |d Remote Storage  |t 0  |e TS155 .O58  |h Library of Congress classification  |i unmediated -- volume  |m A14806258569 
998 f f |a TS155 .O58  |t 0  |l Remote Storage